Top 10 rappers of the year 2017 - Statistics

General Stats
  • This quiz has been taken 223 times
  • The average score is 4 of 10
Answer Stats
Number Answer % Correct
2 Drake
83%
1 Kendrick Lamar
67%
4 XXXtentacion
40%
7 21 savage
36%
3 Future
33%
10 Cardi B
29%
8 Kodak black
29%
6 Lil yachty
26%
9 Offset
24%
5 Young thug
23%
No matching quizzes found
Score Distribution
Percent of People with Each Score
Percentile by Number Answered
Your Score History
You have not taken this quiz